000
00272nam a2200121Ia 4500
005
20251222140105.0
008
251222s1900||||xx |||||||||||||| ||spa||
020
_a
9681610717
082
_a
184/G64
100
_a
Gómez Robledo, Antonio
245
0
_a
Platón:
942
_c
LIB
999
_c
4081
_d
4081